Collaboration in nursing / (Record no. 433)

MARC details
000 -LEADER
fixed length control field 01018nam a2200325 a 4500
005 - DATE AND TIME OF LATEST TRANSACTION
control field 20260322212019.0
008 - FIXED-LENGTH DATA ELEMENTS--GENERAL INFORMATION
fixed length control field data
010 ## - LIBRARY OF CONGRESS CONTROL NUMBER
LC control number 85018640
020 ## - INTERNATIONAL STANDARD BOOK NUMBER
International Standard Book Number 0871892472
020 ## - INTERNATIONAL STANDARD BOOK NUMBER
International Standard Book Number 9780871892478
040 ## - CATALOGING SOURCE
Original cataloging agency DNLM/DLC
Transcribing agency DLC
Modifying agency CStRLIN
050 1# - LIBRARY OF CONGRESS CALL NUMBER
Classification number RT86.5
Item number .C65 1986
060 ## - NATIONAL LIBRARY OF MEDICINE CALL NUMBER
Classification number WX 162.5 C697
001 - CONTROL NUMBER
control field data
245 00 - TITLE STATEMENT
Title Collaboration in nursing /
Statement of responsibility, etc. edited by Doris Asselmeier England & Joyce Patricia Brockhaus.
260 0# - PUBLICATION, DISTRIBUTION, ETC.
Place of publication, distribution, etc. Rockville, Md. :
Name of publisher, distributor, etc. Aspen Systems Corp.,
Date of publication, distribution, etc. 1986.
300 ## - PHYSICAL DESCRIPTION
Extent xiv, 233 p. :
Other physical details ill. ;
Dimensions 24 cm.
500 ## - GENERAL NOTE
General note "An Aspen publication."
504 ## - BIBLIOGRAPHY, ETC. NOTE
Bibliography, etc. note Includes bibliographical references and index.
590 ## - LOCAL NOTE (RLIN)
Local note "An Aspen publication."
590 ## - LOCAL NOTE (RLIN)
Local note Includes bibliographies and index.
650 #0 - SUBJECT ADDED ENTRY--TOPICAL TERM
Topical term or geographic name entry element Nursing
General subdivision Social aspects.
650 #0 - SUBJECT ADDED ENTRY--TOPICAL TERM
Topical term or geographic name entry element Medical cooperation.
650 #0 - SUBJECT ADDED ENTRY--TOPICAL TERM
Topical term or geographic name entry element Team nursing.
650 #2 - SUBJECT ADDED ENTRY--TOPICAL TERM
Topical term or geographic name entry element Interprofessional Relations.
650 #2 - SUBJECT ADDED ENTRY--TOPICAL TERM
Topical term or geographic name entry element Nursing
General subdivision trends.
650 #2 - SUBJECT ADDED ENTRY--TOPICAL TERM
Topical term or geographic name entry element Patient Care Team.
700 1# - ADDED ENTRY--PERSONAL NAME
Personal name England, Doris Asselmeier.
700 1# - ADDED ENTRY--PERSONAL NAME
Personal name Brockhaus, Joyce Patricia.
Holdings
Withdrawn status Lost status Damaged status Not for loan Home library Current library Shelving location Date acquired Total checkouts Full call number Barcode Date last seen Price effective from Koha item type
        Riverside Riverside General stacks 22/03/2026   RT86.5 .C65 1986 BC0010444 22/03/2026 22/03/2026 Books